Моделирование системы управления вентильным двигателем; Молодежь и современные информационные технологии; Ч. 2

Detaylı Bibliyografya
Parent link:Молодежь и современные информационные технологии: сборник трудов VIII Всероссийской научно-практической конференции студентов, аспирантов и молодых ученых, г. Томск, 3-5 марта 2010 г./ Томский политехнический университет (ТПУ), Институт "Кибернетический центр".— , 2010
Ч. 2.— 2010.— [С. 19-20]
Yazar: Пушкарёв М. И. Максим Иванович
Diğer Yazarlar: Замятин С. В. Сергей Владимирович
Özet:Заглавие с титульного экрана
Dil:Rusça
Baskı/Yayın Bilgisi: 2010
Seri Bilgileri:Автоматизация и управление в технических системах
Konular:
Online Erişim:http://www.lib.tpu.ru/fulltext/c/2010/C04/V2/011.pdf
Materyal Türü: MixedMaterials Elektronik Kitap Bölümü
KOHA link:https://koha.lib.tpu.ru/cgi-bin/koha/opac-detail.pl?biblionumber=612278

MARC

LEADER 00000naa2a2200000 4500
001 612278
005 20260421153530.0
035 |a (RuTPU)RU\TPU\conf\10399 
035 |a RU\TPU\conf\6261 
090 |a 612278 
100 |a 20150609d2010 k y0rusy50 ca 
101 0 |a rus 
102 |a RU 
135 |a drcn ---uucaa 
181 0 |a i  
182 0 |a b 
200 1 |a Моделирование системы управления вентильным двигателем  |f М. И. Пушкарёв, С. В. Замятин 
203 |a Текст  |c электронный 
225 1 |a Автоматизация и управление в технических системах 
300 |a Заглавие с титульного экрана 
320 |a [Библиогр.: с. 20 (4 назв.)] 
337 |a Adobe Reader 
461 1 |0 (RuTPU)RU\TPU\conf\24  |t Молодежь и современные информационные технологии  |o сборник трудов VIII Всероссийской научно-практической конференции студентов, аспирантов и молодых ученых, г. Томск, 3-5 марта 2010 г.  |o в 2 т.  |f Томский политехнический университет (ТПУ), Институт "Кибернетический центр"  |d 2010 
463 1 |0 (RuTPU)RU\TPU\conf\26  |t Ч. 2  |v [С. 19-20]  |d 2010 
610 1 |a труды учёных ТПУ 
610 1 |a электронный ресурс 
610 1 |a моделирование 
610 1 |a системы управления 
610 1 |a вентильные двигатели 
610 1 |a математические модели 
610 1 |a технологические процессы 
700 1 |a Пушкарёв  |b М. И.  |c специалист в области автоматического управления  |c ассистент кафедры Томского политехнического университета  |f 1987-  |g Максим Иванович  |3 (RuTPU)RU\TPU\pers\29785 
701 1 |a Замятин  |b С. В.  |c специалист в области автоматического управления  |c доцент Томского политехнического университета, кандидат технических наук  |f 1982-  |g Сергей Владимирович  |3 (RuTPU)RU\TPU\pers\25391 
801 2 |a RU  |b 63413507  |c 20150611  |g RCR 
856 4 |u http://www.lib.tpu.ru/fulltext/c/2010/C04/V2/011.pdf 
942 |c BK